The Tennessee, Green, and lower Ohio rivers expeditions of Clarence Bloomfield Moore (Record no. 79893)
[ view plain ]
| 000 -LEADER | |
|---|---|
| fixed length control field | 02379nam a2200469Ia 4500 |
| 100 1# - MAIN ENTRY--AUTHOR NAME | |
| Personal name | Moore, Clarence B. |
| 245 14 - TITLE STATEMENT | |
| Title | The Tennessee, Green, and lower Ohio rivers expeditions of Clarence Bloomfield Moore |
| 260 ## - PUBLICATION, DISTRIBUTION, ETC. (IMPRINT) | |
| Place of publication | Tuscaloosa : |
| Name of publisher | University of Alabama Press, |
| Year of publication | c2002. |
| 300 ## - PHYSICAL DESCRIPTION | |
| Number of Pages | 385 p. : |
| Other physical details | ill., maps. |
| 490 1# - SERIES STATEMENT | |
| Series statement | Classics in southeastern archaeology |
| 500 ## - GENERAL NOTE | |
| General note | "The works by Clarence B. Moore reproduced by facsimile in this volume were published originally in 1915 and 1916." |
| 650 #0 - SUBJECT ADDED ENTRY--TOPICAL TERM | |
| Topical Term | Indians of North America |
| Topical Term | Indians of North America |
| Topical Term | Indians of North America |
| Topical Term | Archaeological expeditions |
| Topical Term | Archaeological expeditions |
| Topical Term | Archaeological expeditions |
| 700 1# - ADDED ENTRY--PERSONAL NAME | |
| Personal name | Polhemus, Richard R. |
| 856 40 - ELECTRONIC LOCATION AND ACCESS | |
| Uniform Resource Identifier | http://site.ebrary.com/lib/rucke/Doc?id=10408839 |
No items available.
